Risalat ul ghufran : a divine comedy /
Main Author:
Other Authors:
Format: Book
Language:
English
Arabic
Published:
Cairo :
al-Maaref printing and publishing house,
[1943].
Subjects:
Tags: Add Tag
Call Number: PJ7701 .A2 R61 B8
| LEADER | 00941nam a22002417a 4500 | ||
|---|---|---|---|
| 003 | OSt | ||
| 005 | 20251110111056.0 | ||
| 008 | 251110t1943 ua af g 000 0 eng d | ||
| 040 | |c ARCE Library | ||
| 041 | 0 | |a eng |a ara | |
| 050 | 1 | 4 | |a PJ7701 .A2 R61 |b B8 |
| 100 | 0 | |6 880-01 |a Abū al-ʻAlāʼ al-Maʻarrī, |d 973-1057, |e author | |
| 245 | 1 | 0 | |a Risalat ul ghufran : |b a divine comedy / |c edited in Arabic by Kamil Kilany ; translated from the Arabic by G. Brackenbury, M. A. |
| 246 | 3 | |a Epistle of forgiveness. | |
| 264 | 1 | |a Cairo : |b al-Maaref printing and publishing house, |c [1943]. | |
| 300 | |a 159 pages includes front. (portrait) : |b color plates ; |c 20 cm. | ||
| 500 | |a Cover-title : The epistle of forgiveness. Includes excerpts in Arabic. | ||
| 650 | 0 | |a Arabic literature. | |
| 700 | 1 | |a Kīlānī, Kāmil, |d 1897-1959. | |
| 880 | 0 | |6 100-01/(3/r |a أبو العلا المعري | |
| 901 | |a reviewed | ||
| 942 | |c BK |2 lcc | ||
| 999 | |c 14177 |d 14177 | ||
